00680nam a22002177a 450000500170000001000150001702000260003203500140005803700130007208200120008510000180009724500730011526000410018827001180022930000300034750000190037770000170039670000170041370000140043070000180044420191210110736.0 aENG-127040 c595.00a9789353940522 aEN-110572 bDBAD/PUB a621.351 aAnnadurai, S. aElectronics devices electrical circuits /cby S.Annadurai ...[et al] aNoidabPearson India Educationc2020 a15th Floor, Tower-B, World Trade Tower, Plot No.1, Block-C, Sector 16bNoida, Uttar Pradeshe201301k044-66540100 aVarious pagingc23cm(pbk) aIncludes index aAnnadurai, S aRajeswari, P aGeeta, P. aNiveththa, T.